| 000 | 00411nam a22001577a 4500 | ||
|---|---|---|---|
| 005 | 20250812094658.0 | ||
| 008 | 250812b |||||||| |||| 00| 0 eng d | ||
| 082 |
_a820.1 _bMIL-C |
||
| 100 | _aMiller, Aruther | ||
| 245 | _aThe Curcible / | ||
| 260 |
_aPakistan : _bilmi Publisher: _c2015. |
||
| 300 |
_aix, 138 p. : _bill; _c22 cm. |
||
| 500 | _ainclude index. | ||
| 650 | _aEnglish Litreature | ||
| 999 |
_c37012 _d37012 |
||